[Event "Pula op"]
[Site "Pula"]
[Date "1997.??.??"]
[Round "7"]
[White "Radocaj, Denis"]
[Black "Muslija, Idris"]
[Result "1-0"]
[WhiteElo "2370"]
[BlackElo "2160"]

1.d4 Nf6 2.c4 g6 3.Nc3 Bg7 4.e4 d6 5.Nf3 O-O 6.Be2 e5 7.Be3 c6 8.Qd2 Ng4
9.Bg5 f6 10.Bh4 Nh6 11.h3 Na6 12.Rd1 Qe8 13.O-O Kh8 14.a3 g5 15.Bg3 g4 16.hxg4 Bxg4
17.dxe5 dxe5 18.Nh4 Be6 19.b4 Nf7 20.Nf5 Rg8 21.Bh5 Bf8 22.Bh4 Be7 23.Bxf7 Qxf7
24.Nh6 Qh5 25.Nxg8 Rxg8 26.Bg3 Bxc4 27.Qd7 Qf7 28.Qxb7 Rxg3 29.Qxa7 Rg8 30.Rd7 Qg6
31.g3 Bf8 32.Rfd1 Nxb4 33.axb4 Bxb4 34.Qa4 Bc5 35.R1d3 Bxd3 36.Rxd3 Qe8 37.Ne2 Rg7
38.Rc3 Ra7 39.Qc2 Ra1+ 40.Kg2 Qh5 41.Ng1 Bd6 42.Rd3 Bf8 43.Qxc6 Qf7 44.Rd7 Qg6
45.Nf3 Qh6 46.Nh4 Rb1 47.Rf7 Rb8 48.Nf5 Qg5 49.Rxf6  1-0

[Event "EU-chT (Men)"]
[Site "Pula"]
[Date "1997.??.??"]
[Round "7"]
[White "Akesson, Ralf"]
[Black "Movsesian, Sergei"]
[Result "0-1"]
[WhiteElo "2515"]
[BlackElo "2630"]

1.d4 Nf6 2.c4 g6 3.Nc3 Bg7 4.e4 d6 5.Be2 O-O 6.Nf3 Nbd7 7.O-O e5 8.Be3 Qe7
9.Qc2 Ng4 10.Bg5 f6 11.Bd2 c6 12.h3 Nh6 13.Rad1 f5 14.Bg5 Qe8 15.d5 Nf7 16.exf5 gxf5
17.Bc1 Nf6 18.Nh4 Qd7 19.Kh1 c5 20.f4 e4 21.Rf2 Qe7 22.g3 Nh8 23.Rg1 Ng6
24.Nxg6 hxg6 25.g4 fxg4 26.hxg4 Bd7 27.Rh2 Rae8 28.Be3 a6 29.Nd1 Nh7 30.Qd2 Bd4
31.f5 Bxe3 32.Nxe3 Ng5 33.Rh6 Rf6 34.fxg6 Qg7 35.Rh5 Re5 36.Nf5 Bxf5 37.gxf5 Rfxf5
38.Qa5 Nf3 39.Rxf5  0-1

[Event "EU-chT (Men)"]
[Site "Pula"]
[Date "1997.??.??"]
[Round "8"]
[White "Grabliauskas, Virginijus"]
[Black "Salai, Ladislav"]
[Result "1/2-1/2"]
[WhiteElo "2435"]
[BlackElo "2460"]

1.d4 Nf6 2.c4 g6 3.Nc3 Bg7 4.e4 d6 5.Nf3 O-O 6.Be2 e5 7.O-O exd4 8.Nxd4 Re8
9.f3 Nc6 10.Be3 Nh5 11.Nxc6 bxc6 12.Qd2 c5 13.Rad1 Be6 14.Rfe1 Rb8 15.Bf1 Be5
16.g4 Ng7  1/2-1/2

[Event "Pula op"]
[Site "Pula"]
[Date "1997.??.??"]
[Round "8"]
[White "Radocaj, Denis"]
[Black "Jakupovic, Neven"]
[Result "1/2-1/2"]
[WhiteElo "2370"]
[BlackElo "2035"]

1.d4 Nf6 2.c4 g6 3.Nc3 Bg7 4.e4 d6 5.Nf3 O-O 6.Be2 e5 7.Be3 Nc6 8.d5 Ne7
9.Nd2 Nd7 10.b4 f5 11.f3 Nf6 12.c5 Kh8 13.Nc4 b6 14.O-O f4 15.Bf2 g5 16.cxd6 cxd6
17.Nb5 Ne8 18.Qb3 Rf6 19.Rfc1 Rg6 20.h3 h5 21.Kf1 Bd7 22.a4 Nc8 23.Nd2 a6
24.Na3 Bf6 25.Nac4 Kg7 26.a5 b5 27.Nb6 Nxb6 28.axb6 g4 29.fxg4 hxg4 30.Bxg4 Bxg4
31.hxg4 Bh4 32.Bg1 Rxg4 33.Qh3 Rg3 34.Qf5 Rg5 35.Qh3 Rg3 36.Qh2 Be7 37.Bf2 Rg6
38.Qh3 Rh6 39.Qf5 Rf6 40.Qh3 Rh6 41.Qf5  1/2-1/2

[Event "Pula op"]
[Site "Pula"]
[Date "1997.??.??"]
[Round "8"]
[White "Potocnik, Primoz"]
[Black "Gabriel, Christian"]
[Result "0-1"]
[WhiteElo "2235"]
[BlackElo "2570"]

1.d4 Nf6 2.c4 g6 3.Nc3 Bg7 4.e4 d6 5.Nf3 O-O 6.Be2 e5 7.d5 a5 8.Bg5 h6 9.Bh4 Na6
10.Nd2 Qe8 11.O-O Bd7 12.a3 Nh7 13.Kh1 h5 14.f3 Bh6 15.Bf2 Qe7 16.Rg1 f5
17.exf5 gxf5 18.g4 fxg4 19.Nde4 Ng5 20.fxg4 Nh3 21.g5 Rxf2 22.gxh6+ Kh8 23.Rg7 Qh4
24.Qe1 Raf8 25.Rg2 Nc5 26.Nxf2 Rxf2 27.Rxf2 Nxf2+ 28.Kg1 Nce4 29.Nxe4 Nh3+
30.Kf1 Qxe4 31.Bd1 Qh1+ 32.Ke2 Qg2+ 33.Kd3 Qxb2  0-1

[Event "EU-chT (Men)"]
[Site "Pula"]
[Date "1997.??.??"]
[Round "8"]
[White "Cummings, David H"]
[Black "Cramling, Pia"]
[Result "1/2-1/2"]
[WhiteElo "2375"]
[BlackElo "2545"]

1.Nf3 Nf6 2.c4 g6 3.Nc3 Bg7 4.e4 O-O 5.d4 d6 6.Be2 e5 7.d5 a5 8.Bg5 h6 9.Bh4 Na6
10.O-O Qe8 11.Nd2 Nh7 12.a3 Bd7 13.Kh1 h5 14.f3 Bh6 15.Qc2 Be3 16.b3 Qb8
17.Bf2 Qa7 18.Bxe3 Qxe3 19.Rae1 Qh6 20.Nd1 h4 21.Qb2 Nc5 22.Nf2 f5 23.b4 axb4
24.axb4 Na4 25.Qc2 b6 26.Bd3 Nf6 27.exf5 gxf5 28.Bxf5 Bxf5 29.Qxf5 Qxd2 30.Qg6+ Kh8
31.Ne4 Nxe4 32.Rxe4 Rf4 33.Qh6+ Kg8 34.Qg6+ Kh8 35.Qh6+ Kg8 36.Qg6+  1/2-1/2

[Event "EU-chT (Men)"]
[Site "Pula"]
[Date "1997.??.??"]
[Round "8"]
[White "Degerman, Lars"]
[Black "Saunders, John C"]
[Result "1-0"]
[WhiteElo "2480"]
[BlackElo "2240"]

1.d4 Nf6 2.c4 g6 3.Nc3 Bg7 4.e4 d6 5.Nf3 O-O 6.Be2 e5 7.d5 a5 8.Bg5 Na6 9.Nd2 Qe8
10.a3 Bd7 11.Qc2 h6 12.Be3 Ng4 13.Bxg4 Bxg4 14.Rb1 Bd7 15.b4 f5 16.f3 axb4
17.axb4 g5 18.exf5 Bxf5 19.Nde4 b6 20.O-O Qg6 21.g4 Bd7 22.Qe2 h5 23.h3 Rf4
24.Ra1 Rff8 25.Rfb1 hxg4 26.hxg4 Bf6 27.c5 Nxb4 28.Rxa8 Rxa8 29.cxb6 cxb6
30.Rxb4 Ra1+ 31.Rb1 Rxb1+ 32.Nxb1 Bd8 33.Nbc3 b5 34.Qb2 Ba5 35.Nxb5 Bxg4
36.Nbxd6 Bxf3 37.Qxe5 Bxe4 38.Bd4  1-0

[Event "EU-chT (Women)"]
[Site "Pula"]
[Date "1997.??.??"]
[Round "9"]
[White "Cmilyte, Viktorija"]
[Black "Arakhamia, Ketevan"]
[Result "1/2-1/2"]
[WhiteElo "2185"]
[BlackElo "2490"]

1.d4 Nf6 2.c4 g6 3.Nc3 Bg7 4.e4 d6 5.Be2 O-O 6.Nf3 e5 7.dxe5 dxe5 8.Qxd8 Rxd8
9.Bg5 c6 10.Nxe5 Re8 11.O-O-O Na6 12.Rd6 Be6 13.f4 Nc5 14.Bxf6 Bxf6 15.Rhd1 a5
16.b3 Bg7 17.Kc2 f5 18.Nd3  1/2-1/2

[Event "Recklinghausen"]
[Site "Recklinghausen"]
[Date "1997.??.??"]
[Round "8"]
[White "Halasz, Tamas"]
[Black "Kummerow, Heiko"]
[Result "1/2-1/2"]
[WhiteElo "2385"]
[BlackElo "2300"]

1.d4 Nf6 2.Nf3 g6 3.c4 Bg7 4.Nc3 O-O 5.e4 d6 6.Be2 e5 7.O-O exd4 8.Nxd4 Re8
9.f3 Nc6 10.Be3 Nh5 11.Nxc6 bxc6 12.Qd2 f5 13.Bg5 Qd7 14.g4 Nf6 15.gxf5 gxf5
16.Bd3 fxe4 17.Nxe4 Qf7 18.Kh1 Bh3 19.Nxf6+ Bxf6 20.Rg1 Kh8 21.Qf4 Rf8 22.Qxf6+ Qxf6
23.Bxf6+ Rxf6 24.Be4 Rb8 25.b3 c5 26.Rg5 Rbf8 27.Rag1 Bf5 28.Bd5 Rg6 29.h4 Kg7
30.f4 Kf6 31.Re1 h6 32.Rxg6+ Bxg6 33.Kg2 Bf5 34.Kf2 Bd7 35.Re3 Re8 36.Rg3 Bf5
37.Bc6 Re7 38.Re3 Rxe3 39.Kxe3 Bb1 40.a3 Bc2  1/2-1/2

[Event "ISL-chJ"]
[Site "Reykjavik"]
[Date "1997.??.??"]
[Round "?"]
[White "Thorfinnsson, Bragi"]
[Black "Edvardsson, Kristjan"]
[Result "1-0"]
[WhiteElo "2160"]
[BlackElo "2200"]

1.Nf3 Nf6 2.d4 g6 3.c4 Bg7 4.Nc3 O-O 5.e4 d6 6.Be3 e5 7.Be2 exd4 8.Nxd4 Re8
9.f3 Nh5 10.Qd2 Nc6 11.Nxc6 bxc6 12.O-O-O Be6 13.g4 Nf6 14.h4 Rb8 15.h5 d5
16.hxg6 fxg6 17.e5 Nd7 18.f4 Qe7 19.cxd5 cxd5 20.Nxd5 Qf7 21.Nc3 Red8 22.Bf3 Nf8
23.Qg2 c6 24.Bxc6 Rdc8 25.Bd5 Qe7 26.Qe4 Rxc3+ 27.bxc3 Qa3+ 28.Kd2 Rb2+ 29.Kd3 Kh8
30.Bxe6 Nxe6 31.Qc6 Qxa2 32.Qc4 Rb3 33.Ra1 Qb2 34.Rab1  1-0

[Event "EUCup (Women)"]
[Site "Rijeka"]
[Date "1997.??.??"]
[Round "1"]
[White "Olarasu, Gabriela"]
[Black "Peng, Zhaoqin"]
[Result "0-1"]
[WhiteElo "2305"]
[BlackElo "2370"]

1.Nf3 g6 2.c4 Bg7 3.d4 Nf6 4.Nc3 O-O 5.e4 d6 6.Be2 Na6 7.O-O e5 8.Be3 Ng4
9.Bg5 f6 10.Bd2 c6 11.dxe5 dxe5 12.h3 Nh6 13.Qc2 Qe7 14.Be3 Nf7 15.a3 f5
16.exf5 gxf5 17.Rad1 Be6 18.b4 Kh8 19.Rfe1 Rg8 20.Nh2 Ng5 21.Kh1 Bf6 22.f4 exf4
23.Bxf4 Qg7 24.Rg1 Rae8 25.Bh5 Ref8 26.b5 Nc5 27.Nd5 cxd5 28.cxd5 Nge4 29.dxe6 Nxe6
30.Rgf1 Nxf4 31.Rxf4 Ng3+ 32.Kg1 Nxh5 33.Rc4 Rd8 34.Rxd8 Rxd8 35.Nf3 Qd7
36.Rc7 Bd4+ 37.Nxd4 Qxd4+ 38.Kh2 Qe5+ 39.Kg1 Ng3 40.Kf2 Rd2+  0-1

[Event "BRA-ch playoff"]
[Site "Rio de Janeiro"]
[Date "1997.??.??"]
[Round "6"]
[White "Vescovi, Giovanni"]
[Black "Leitao, Rafael"]
[Result "1-0"]
[WhiteElo "2490"]
[BlackElo "2495"]

1.d4 Nf6 2.c4 g6 3.Nc3 Bg7 4.e4 d6 5.Be2 O-O 6.Nf3 e5 7.d5 a5 8.Bg5 h6 9.Bh4 Na6
10.Nd2 Qe8 11.O-O Bd7 12.Kh1 Nh7 13.a3 h5 14.f3 Bh6 15.b3 Qb8 16.Rb1 Qa7
17.Nb5 Qe3 18.Rb2 f5 19.b4 axb4 20.axb4 fxe4 21.Nxe4 Ng5 22.Bxg5 Bxg5 23.c5 Bxb5
24.Bxb5 Be7 25.Rb3 Qf4 26.c6 bxc6 27.dxc6 Qf7 28.Nc3 Rfb8 29.Qd3 Rxb5 30.Nxb5 Rb8
31.Ra1 Rb6 32.Rbb1 d5 33.Rxa6 Rxa6 34.Nxc7 Rxc6 35.Nxd5 Rd6 36.Nxe7+ Qxe7
37.Qc4+ Kh7 38.b5 Qd8 39.Qe2 Rd2 40.Qf1 Qb6 41.Qg1 Rd4 42.h3 Kg7 43.Kh2 Qd6
44.Kh1 Qb6 45.f4 exf4 46.Rb4 Rd6 47.Qxb6 Rxb6 48.h4 g5 49.hxg5 Kg6 50.Kg1 Kxg5
51.Kf2 Kg4 52.Rb2 Kh4 53.Kf3 Kg5 54.Rb4 h4 55.Rb1 Kf5 56.Rb4 Kg5 57.Rb3 Kf5
58.Rb1 h3 59.gxh3 Rh6 60.Kg2 Rb6 61.Rb4 Kg5 62.Kf2 Kf5 63.Kf3 Kg5 64.h4+  1-0

[Event "WchT U26"]
[Site "Roque Saenz Pena"]
[Date "1997.??.??"]
[Round "2"]
[White "Tratar, Marko"]
[Black "Escobar Forero, Alder"]
[Result "1-0"]
[WhiteElo "2395"]
[BlackElo "2330"]

1.Nf3 Nf6 2.c4 d6 3.d4 g6 4.Nc3 Bg7 5.e4 O-O 6.Be2 e5 7.O-O Nbd7 8.Be3 Ng4
9.Bg5 f6 10.Bd2 c6 11.d5 Qe7 12.b4 f5 13.Ng5 Ndf6 14.exf5 gxf5 15.h3 Nh6
16.f4 Ne4 17.Ngxe4 fxe4 18.Rc1 e3 19.Bxe3 exf4 20.Bf2 Nf5 21.Bf3 Ne3 22.Qe2 Bd7
23.dxc6 bxc6 24.b5 Qg5 25.Bxe3 fxe3 26.bxc6 Bxh3 27.Ne4 Qg6 28.c5 dxc5 29.Rxc5 Bf5
30.Bh5 Qe6 31.Ng5 Qc8 32.Qc4+ Kh8 33.Rfxf5 Rb8 34.Nf7+ Rxf7 35.Rxf7  1-0

[Event "WchT U26"]
[Site "Roque Saenz Pena"]
[Date "1997.??.??"]
[Round "4"]
[White "Shariyazdanov, Andrey"]
[Black "Tratar, Marko"]
[Result "1-0"]
[WhiteElo "2465"]
[BlackElo "2395"]

1.d4 Nf6 2.c4 g6 3.Nc3 Bg7 4.e4 d6 5.Be2 O-O 6.Nf3 e5 7.O-O Qe8 8.dxe5 dxe5
9.b4 Qe7 10.b5 Rd8 11.Nd5 Nxd5 12.cxd5 c6 13.Bc4 cxd5 14.Bxd5 Be6 15.Bg5 Bf6
16.Bxf6 Qxf6 17.Bxb7 Rxd1 18.Rfxd1 Nd7 19.Bxa8 Bg4 20.Rd3 Nc5 21.Re3 Ne6
22.h3 Bxf3 23.Rxf3 Nf4 24.Kh2 Qg5 25.Rg3 Qd8 26.Bc6 Qd4 27.Rf1 Qc4 28.Rd1 Qxa2
29.Rf3 Ne6 30.Rd7 Ng5 31.Rg3 Qxf2 32.Rxg5 Qf4+ 33.Rg3 h5 34.h4 Qxh4+ 35.Rh3 Qf4+
36.Kg1 Qc1+ 37.Kf2 Qf4+ 38.Rf3 Qh4+ 39.Ke2 Qg4 40.Kf1 f5 41.Rxa7 Qg5 42.Bd5+ Kh8
43.Rc3  1-0

[Event "WchT U26"]
[Site "Roque Saenz Pena"]
[Date "1997.??.??"]
[Round "8"]
[White "Valenzuela, Luis"]
[Black "Kazhgaleyev, Murtas"]
[Result "0-1"]
[WhiteElo "2355"]
[BlackElo "2500"]

1.d4 Nf6 2.c4 g6 3.Nc3 Bg7 4.e4 d6 5.Be2 O-O 6.Nf3 Na6 7.O-O e5 8.Re1 Qe8
9.d5 Nc5 10.Bf1 a5 11.Nd2 Nh5 12.Nb3 b6 13.Nxc5 bxc5 14.a3 Bd7 15.Rb1 f5
16.b4 axb4 17.axb4 cxb4 18.Rxb4 Nf6 19.Bd3 f4 20.Nb5 Qd8 21.Ra4 Rxa4 22.Qxa4 Ng4
23.Be2 f3 24.Bxf3 Qh4 25.Qc2 Qxh2+ 26.Kf1 Qh1+ 27.Ke2 Qh4 28.Be3 Nxe3 29.Kxe3 g5
30.g3 Qh2 31.Bd1 Bh6  0-1

[Event "Saint Affrique op"]
[Site "Saint Affrique"]
[Date "1997.??.??"]
[Round "4"]
[White "Shchekachev, Andrei"]
[Black "Buckley, Graeme"]
[Result "1-0"]
[WhiteElo "2510"]
[BlackElo "2380"]

1.c4 Nf6 2.Nf3 g6 3.Nc3 Bg7 4.e4 d6 5.d4 O-O 6.Be2 e5 7.Be3 Ng4 8.Bg5 f6
9.Bh4 Nd7 10.O-O Nh6 11.Qd2 Nf7 12.Rfd1 c6 13.h3 Kh8 14.b4 Qe8 15.Rab1 Rg8
16.Qc2 Nf8 17.c5 dxc5 18.bxc5 Ne6 19.dxe5 Nxe5 20.Na4 f5 21.exf5 gxf5 22.Rb4 Nxf3+
23.Bxf3 Nd4 24.Qd3 Nxf3+ 25.Qxf3 Qf7 26.Nc3 Be6 27.Rdb1 b5 28.cxb6 axb6 29.Rxb6 Ra3
30.Qxc6 Bd5 31.Qxd5 Qh5 32.Qd7 Qxh4 33.Rb8 Bf8 34.Qxf5 Qe7 35.R8b7  1-0

[Event "Saint Affrique op"]
[Site "Saint Affrique"]
[Date "1997.??.??"]
[Round "4"]
[White "Magerramov, Elmar"]
[Black "Mrdja, Milan"]
[Result "1-0"]
[WhiteElo "2565"]
[BlackElo "2390"]

1.Nf3 Nf6 2.c4 g6 3.Nc3 Bg7 4.e4 d6 5.d4 O-O 6.Be2 Na6 7.O-O e5 8.Be3 Ng4
9.Bg5 Qe8 10.dxe5 dxe5 11.h3 Nf6 12.Be3 b6 13.a3 Bb7 14.Qc2 Nc5 15.Bxc5 bxc5
16.Nd5 Qb8 17.Rab1 a5 18.Rfd1 Re8 19.Qd3 Bc6 20.Qe3 Qa7 21.Ne1 h5 22.g4 hxg4
23.hxg4 Nh7 24.g5 Bf8 25.Bg4 Rad8 26.Nf3 Bd7 27.Bxd7 Rxd7 28.Kg2 Rd6 29.Rh1 Bg7
30.Rh4 c6 31.Rbh1 cxd5 32.Rxh7 dxc4 33.Qc1 Qd7 34.R1h4 Qe6 35.Qh1 Kf8 36.Nh2 Rd4
37.Ng4 Rxe4 38.Nf6 Rxh4 39.Qxh4 Qc6+ 40.Kh2  1-0

[Event "San Agustin opJ"]
[Site "San Agustin"]
[Date "1997.??.??"]
[Round "?"]
[White "Argandona Rivero, Inigo"]
[Black "Pali, Adrian"]
[Result "1/2-1/2"]
[WhiteElo "2230"]
[BlackElo "2170"]

1.d4 Nf6 2.c4 g6 3.Nc3 Bg7 4.e4 d6 5.Nf3 O-O 6.Be2 e5 7.dxe5 dxe5 8.Qxd8 Rxd8
9.Bg5 c6 10.O-O Bg4 11.Rad1 Rxd1 12.Rxd1 Nbd7 13.h3 Be6 14.Be3 h6 15.g4 Nh7
16.Kg2 Bf8 17.a3 Kg7 18.Nd5 Bd6 19.Nb6 axb6 20.Rxd6 Nhf8 21.g5 hxg5 22.Nxg5 Re8
23.Nxe6+ Rxe6 24.Rxe6 Nxe6 25.Bg4 Kf6 26.b4 Ke7 27.Kf3 c5 28.Bxe6 Kxe6 29.Ke2 f5
30.f3 f4 31.Bf2 g5 32.h4 gxh4 33.Bxh4 cxb4 34.axb4 Nb8 35.b5 Kd6 36.Bd8 Nd7
37.Kd3 Ke6 38.Bc7 Nc5+ 39.Kc2 Nd7 40.Kd1 Ke7 41.Ke2 Ke6 42.Kf1 Ke7 43.Kg2 Ke6
44.Kh3 Nc5 45.Bxb6 Na4 46.Bc7  1/2-1/2

[Event "Mechanics"]
[Site "San Francisco"]
[Date "1997.??.??"]
[Round "8"]
[White "Rey, Guillermo"]
[Black "Frias, Victor J"]
[Result "0-1"]
[WhiteElo "2310"]
[BlackElo "2515"]

1.d4 Nf6 2.c4 g6 3.Nc3 Bg7 4.e4 d6 5.Nf3 O-O 6.Be2 e5 7.Be3 c6 8.d5 cxd5
9.cxd5 Ng4 10.Bg5 f6 11.Bh4 Nh6 12.O-O Nf7 13.Ne1 Bh6 14.Nd3 Nd7 15.a4 a5
16.Kh1 b6 17.b4 Ba6 18.Nb5 Bxb5 19.axb5 Bg5 20.Bg3 axb4 21.Nxb4 Nc5 22.Qc2 Qd7
23.Nc6 Bf4 24.h3 Bxg3 25.fxg3 Ng5 26.Bg4 Qg7 27.Bf3 Kh8 28.h4 Nf7 29.Bg4 Nh6
30.Be6 f5 31.Rxa8 Rxa8 32.exf5 gxf5 33.Bxf5 Qxg3 34.Bh3 Qxh4 35.Qf2 Qxf2
36.Rxf2 Kg7 37.Be6 Nxe6 38.dxe6 Ra1+ 39.Kh2 Ng4+ 40.Kg3 Nxf2  0-1

[Event "Santa Flavia op"]
[Site "Santa Flavia"]
[Date "1997.??.??"]
[Round "?"]
[White "Passerotti, Pierluigi"]
[Black "Mack, Andrew"]
[Result "1-0"]
[WhiteElo "2300"]
[BlackElo "2275"]

1.d4 Nf6 2.Nf3 g6 3.c4 Bg7 4.Nc3 d6 5.e4 O-O 6.Be2 Na6 7.O-O e5 8.Qc2 Nb4
9.Qd2 a5 10.Rd1 Ng4 11.dxe5 Bh6 12.Ng5 Nxe5 13.c5 Bg4 14.Bxg4 Nxg4 15.cxd6 cxd6
16.a3 Nc2 17.Qxc2 Bxg5 18.h3 Bxc1 19.Raxc1 Ne5 20.f4 Nc4 21.Nd5 Rc8 22.Qf2 Rc5
23.Qd4 Rxd5 24.exd5 b5 25.a4 Re8 26.axb5 Ne3 27.Re1 Nf5 28.Qf2  1-0

[Event "Bayern-ch Seniors op"]
[Site "Schloss Schney"]
[Date "1997.??.??"]
[Round "3"]
[White "Fiedler, Werner"]
[Black "Grueneschild, Hildegard"]
[Result "1-0"]
[WhiteElo "1810"]
[BlackElo "1450"]

1.d4 Nf6 2.Nf3 g6 3.c4 Bg7 4.Nc3 d6 5.e4 O-O 6.Be2 e5 7.d5 c6 8.h3 Ne8 9.Qc2 cxd5
10.cxd5 f5 11.Bg5 Nf6 12.Rc1 a6 13.Qd2 f4 14.Nh2 h6 15.Bxf6 Bxf6 16.Bg4 Bd7
17.O-O Kh7 18.Qe2 Rf7 19.Rc2 Bg7 20.Rfc1 Bxg4 21.Qxg4 Nd7 22.b4 Rc8 23.Qe6 Rf6
24.Qg4 Rc4 25.a3 Rf8 26.Qe2 b5 27.Nf3 Nb6 28.Nd2 Rc8 29.Nd1 Rxc2 30.Rxc2 Qd7
31.Rc6 Rb8 32.Nb2 Bf8 33.Nb3 Qf7 34.Qc2 Kg8 35.f3 Nc4 36.Nxc4 bxc4 37.Qxc4 Qa7+
38.Kf1 Rb6 39.Rc7 Qb8 40.Na5 Rb5 41.Qc6 Rxa5 42.bxa5 Qb1+ 43.Qc1 Qb5+ 44.Kg1 Qxa5
45.Kh2 Qb6 46.Rc2 Qd8 47.Qe1 Be7 48.Qc3 Qb6 49.Qc8+ Bf8 50.Qe6+ Kh7 51.Qf7+ Bg7
52.Rc7  1-0

[Event "Bayern-ch Seniors op"]
[Site "Schloss Schney"]
[Date "1997.??.??"]
[Round "4"]
[White "Wein, Wolfgang"]
[Black "Reichenbacher, Gerhard"]
[Result "1-0"]
[WhiteElo "1840"]
[BlackElo "1919"]

1.d4 Nf6 2.c4 g6 3.Nc3 Bg7 4.e4 d6 5.Nf3 O-O 6.Be2 e5 7.Be3 Ng4 8.Bg5 f6
9.Bh4 Nd7 10.Nd2 Nh6 11.d5 a6 12.f3 Qe8 13.b4 f5 14.Nb3 Nf6 15.O-O fxe4 16.Nxe4 Nxe4
17.fxe4 Rxf1+ 18.Qxf1 Ng4 19.h3 Ne3 20.Qf3 Bh6 21.Bf2 Nc2 22.Rb1 Nxb4 23.Qc3 Nxa2
24.Qa5 b5 25.Qxa2 bxc4 26.Na5 c3 27.Qc2 Bd2 28.Nb3 a5 29.Nxd2 cxd2 30.Qxd2 a4
31.Qb4 Bd7 32.Qb7 c5 33.dxc6 Bxc6 34.Bc4+ Kh8 35.Bh4  1-0

[Event "Bayern-ch Seniors op"]
[Site "Schloss Schney"]
[Date "1997.??.??"]
[Round "8"]
[White "Franz, Irma"]
[Black "Schoen, Siegfried"]
[Result "1/2-1/2"]
[WhiteElo "1330"]
[BlackElo "1586"]

1.d4 Nf6 2.c4 g6 3.Nc3 Bg7 4.e4 d6 5.Nf3 O-O 6.Be2 e5 7.dxe5 dxe5 8.Qxd8 Rxd8
9.O-O c6 10.h3 Na6 11.Be3 Nh5 12.Rfd1 Be6 13.Ng5 Nf6 14.Rxd8+ Rxd8 15.Bxa7 Bc8
16.Be3 Ne8 17.a3 f6 18.Nf3 Bf8 19.Na4 Ng7 20.Rc1 c5 21.Nb6 Ne6 22.Nxc8 Rxc8
23.Rd1 Nd4 24.Kf1 Nc7 25.Ne1 Nce6 26.Bg4 Rc6 27.g3 h5 28.Bxe6+ Rxe6 29.Kg2 Ra6
30.Rd2 Ra4 31.Bxd4 cxd4 32.Rc2 b6 33.Nd3 Ra8 34.Kf3 b5 35.Ke2 Bc5 36.f3 Kf7
37.b4 Be7 38.Ra2 Rc8 39.Rc2 Rc7 40.c5  1/2-1/2

[Event "Schwaebisch Gmuend op"]
[Site "Schwaebisch Gmuend"]
[Date "1997.??.??"]
[Round "7"]
[White "Tukmakov, Vladimir B"]
[Black "Podzielny, Karl Heinz"]
[Result "1-0"]
[WhiteElo "2580"]
[BlackElo "2490"]

1.d4 Nf6 2.Nf3 g6 3.c4 Bg7 4.Nc3 O-O 5.e4 d6 6.Be2 e5 7.O-O exd4 8.Nxd4 Nc6
9.Be3 Re8 10.f3 Nh5 11.Qd2 Nf4 12.Rad1 Nxd4 13.Bxd4 Bxd4+ 14.Qxd4 Qg5 15.g3 a6
16.Rfe1 Nxe2+ 17.Rxe2 Be6 18.b3 Rad8 19.Red2 h5 20.Qf2 Qf6 21.Rd3 c6 22.Qb6 Rd7
23.h4 Red8 24.Kg2 d5 25.cxd5 cxd5 26.Kg1 Kg7 27.exd5 Bf5 28.Qxf6+ Kxf6 29.Re3 b5
30.Rd4 Re7 31.Kf2 Rxe3 32.Kxe3 Ke5 33.Rb4 Rc8 34.f4+ Kd6 35.Kd4 Bd7 36.a4 Rb8
37.axb5 axb5 38.Ne4+ Ke7 39.Ke5  1-0

[Event "Schwaebisch Gmuend op"]
[Site "Schwaebisch Gmuend"]
[Date "1997.??.??"]
[Round "7"]
[White "Tauber, Manfred"]
[Black "Heinl, Thomas"]
[Result "1-0"]
[WhiteElo "2215"]
[BlackElo "2210"]

1.d4 Nf6 2.Nf3 g6 3.c4 Bg7 4.Nc3 O-O 5.e4 d6 6.Be2 e5 7.O-O exd4 8.Nxd4 Nc6
9.Be3 Re8 10.f3 Nh5 11.f4 Nf6 12.Bf3 Bd7 13.Kh1 Nxd4 14.Bxd4 Bc6 15.Qd3 Nd7
16.Bxg7 Kxg7 17.b4 b6 18.Rae1 a5 19.a3 axb4 20.axb4 Kg8 21.Qd2 Qh4 22.Nd5 Bxd5
23.cxd5 Nf6 24.e5 Nh5 25.Bxh5 Qxh5 26.Qd4 Qh4 27.e6 Qg4 28.h3 Qh4 29.Qc3 fxe6
30.dxe6 c5 31.bxc5 bxc5 32.f5 gxf5 33.Rxf5 Ra3 34.Rg5+ Qxg5 35.Qxa3 Qh4 36.Re3 Re7
37.Rg3+  1-0

[Event "Seefeld op"]
[Site "Seefeld"]
[Date "1997.??.??"]
[Round "?"]
[White "Moosleitner, Hugo"]
[Black "Rudolf, Henrik"]
[Result "0-1"]
[WhiteElo "1870"]
[BlackElo "2280"]

1.Nf3 g6 2.d4 Bg7 3.c4 Nf6 4.Nc3 d6 5.e4 O-O 6.Be2 e5 7.d5 a5 8.Bg5 h6 9.Bh4 Na6
10.Nd2 Qe8 11.g4 Bd7 12.a4 Nc5 13.Bg3 Nh7 14.Ra3 f5 15.gxf5 gxf5 16.exf5 e4
17.O-O Bxf5 18.Re1 Qd7 19.Nb3 Nd3 20.Bxd3 exd3 21.Nc1 Ng5 22.Nb5 Bg4 23.Re7 Qxe7
24.Qxg4 Qe1+ 25.Kg2 d2 26.f4 Qxc1 27.fxg5 Qf1+  0-1

[Event "Seversk"]
[Site "Seversk"]
[Date "1997.??.??"]
[Round "3"]
[White "Iskusnyh, Sergei"]
[Black "Komliakov, Viktor"]
[Result "1/2-1/2"]
[WhiteElo "2440"]
[BlackElo "2460"]

1.Nf3 d6 2.d4 Nf6 3.c4 g6 4.Nc3 Nbd7 5.e4 e5 6.Be2 Bg7 7.O-O O-O 8.Be3 Re8
9.d5 Nh5 10.g3 Bf8 11.Nh4 Ng7 12.Bd3 Be7 13.Ng2 f5 14.f4 exf4 15.gxf4 fxe4
16.Nxe4 Nf5 17.Bf2 Nc5 18.Nxc5 dxc5 19.Qf3 Bd6 20.b4 b6 21.bxc5 bxc5 22.Rae1 Rf8
23.Bxf5 Bxf5 24.Qa3 Qf6 25.Bxc5 Bxc5+ 26.Qxc5 Qb6 27.Qe3 Rae8 28.Qf2 Be4
29.Re3 Bxg2 30.Rxe8 Rxe8 31.Kxg2 Re4 32.Qxb6  1/2-1/2

[Event "Seversk"]
[Site "Seversk"]
[Date "1997.??.??"]
[Round "9"]
[White "Belozerov, Andrei"]
[Black "Iskusnyh, Sergei"]
[Result "1/2-1/2"]
[WhiteElo "2420"]
[BlackElo "2440"]

1.d4 Nf6 2.c4 g6 3.Nc3 Bg7 4.e4 d6 5.Nf3 O-O 6.Be2 e5 7.d5 a5 8.Be3 Ng4 9.Bg5 f6
10.Bd2 Nh6 11.a3 Nf7 12.Rb1 f5 13.b4 axb4 14.axb4 Nd7 15.Qc2 Nf6 16.Bd3 Qe7
17.O-O f4 18.Rfc1 g5 19.c5 g4 20.Ne1 Nh5 21.Nb5 g3 22.hxg3 fxg3 23.fxg3 Nxg3
24.Nf3 Bg4 25.Be1 Nh5 26.Nh2 Bc8 27.cxd6 cxd6 28.Nc7 Ra3 29.Nb5 Ra8  1/2-1/2

[Event "UKR-ch20"]
[Site "Simferopol"]
[Date "1997.??.??"]
[Round "8"]
[White "Malakhatko, Vadim"]
[Black "Kozel, Roman"]
[Result "0-1"]
[WhiteElo "2405"]
[BlackElo "2435"]

1.Nf3 Nf6 2.c4 g6 3.Nc3 Bg7 4.e4 d6 5.d4 O-O 6.Be2 e5 7.O-O exd4 8.Nxd4 Re8
9.f3 c6 10.Nc2 a6 11.Kh1 b5 12.Bf4 Bf8 13.Qd2 Ra7 14.Rad1 Rd7 15.Qc1 Qb6
16.a3 Bb7 17.b4 bxc4 18.Bxc4 d5 19.Bb3 d4 20.Na4 Qa7 21.Qa1 Nh5 22.Bd2 a5
23.bxa5 Ba6 24.Rfe1 Qc7 25.Nb6 Red8 26.Bg5 Qe5 27.f4 Nxf4 28.Bxd8 Rxd8 29.Rxd4 Bd6
30.Nc4 Bxc4 31.Bxc4 Nd3 32.Rxd6 Qxd6 33.Rf1 Ne5 34.Ne3 Qc5 35.Ng4 Nxg4 36.Bxf7+ Kf8
37.Bb3+ Nf2+ 38.Kg1 Rd2 39.Qf6+ Ke8 40.Rxf2 Rxf2 41.Qxf2 Qc1+ 42.Qf1 Qe3+
43.Qf2 Qxb3 44.Qd4 Qb1+ 45.Kf2 Qc2+ 46.Kg3 Qb3+ 47.Kh4 Qxa3 48.Qh8+ Qf8 49.Qxh7 Qf6+
50.Kh3 Qe6+ 51.Kg3 Na6 52.Qb7 c5 53.Qd5 Qxd5 54.exd5 Nb4 55.Kf3 Kd7 56.h4 Nxd5
57.g4 Kc6 58.h5 g5 59.Ke4 Nf6+ 60.Ke5 c4 61.h6 c3 62.Kxf6 c2 63.Kxg5 c1=Q+
64.Kg6 Qc2+ 65.Kg7 Qc3+ 66.Kg8 Qc4+ 67.Kf8 Qf4+  0-1

[Event "Pools schev"]
[Site "Singapore"]
[Date "1997.??.??"]
[Round "1"]
[White "Lukman, Ronny"]
[Black "Mariano, Nelson"]
[Result "1/2-1/2"]
[WhiteElo "2355"]
[BlackElo "2490"]

1.d4 Nf6 2.Nf3 g6 3.c4 Bg7 4.Nc3 O-O 5.e4 d6 6.Be2 e5 7.dxe5 dxe5 8.Qxd8 Rxd8
9.Nd5 Nxd5 10.cxd5 c6 11.Bc4 Nd7 12.Bg5 Re8 13.dxc6 bxc6 14.Rc1 Nf8 15.Be3 h6
16.Bb3 Ne6 17.Ba4 Bb7 18.Bxc6 Bxc6 19.Rxc6 Nd4 20.Bxd4 exd4 21.Kd2 Rxe4 22.Re1 Rxe1
23.Nxe1 a5 24.b3 Bf8 25.Nc2 Rd8 26.Kd3 Rd5 27.Rc4 Rg5 28.g3 Rf5 29.f4 Rh5
30.h4 g5 31.fxg5 hxg5 32.Rxd4 gxh4 33.Rg4+ Kh7  1/2-1/2

[Event "Pools schev"]
[Site "Singapore"]
[Date "1997.??.??"]
[Round "2"]
[White "Wu Shaobin"]
[Black "Mohd, S AR."]
[Result "1-0"]
[WhiteElo "2435"]
[BlackElo "2255"]

1.d4 Nf6 2.c4 g6 3.Nc3 Bg7 4.e4 d6 5.Nf3 O-O 6.Be2 e5 7.O-O Na6 8.Re1 c6
9.Bf1 exd4 10.Nxd4 Ng4 11.h3 Qb6 12.hxg4 Qxd4 13.g5 Nc5 14.Bf4 Qxd1 15.Raxd1 Be5
16.g3 Re8 17.Rxd6 Bxd6 18.Bxd6 Ne6 19.f4 b6 20.e5 Bb7 21.Bg2 Rac8 22.b4 Ng7
23.Ne4 Red8 24.Nf6+ Kh8 25.Kf2 Ne8 26.c5 Nxf6 27.gxf6 Re8 28.g4 Ba6 29.f5 Bc4
30.e6 Kg8 31.e7  1-0

[Event "Pools schev"]
[Site "Singapore"]
[Date "1997.??.??"]
[Round "8"]
[White "Askali, Nurdin"]
[Black "Marentek, Hanny"]
[Result "0-1"]
[WhiteElo "2320"]
[BlackElo "2435"]

1.d4 Nf6 2.c4 g6 3.Nc3 Bg7 4.e4 d6 5.Nf3 O-O 6.Be2 e5 7.Be3 c6 8.d5 c5 9.a3 Ng4
10.Bg5 f6 11.Bh4 Nh6 12.Nd2 Nf7 13.f3 Bh6 14.Bf2 f5 15.b4 b6 16.Nb3 Nd7 17.bxc5 bxc5
18.Rb1 Nf6 19.O-O Nh5 20.Re1 Ng5 21.Bf1 fxe4 22.fxe4 Nh3+ 23.gxh3 Qg5+ 24.Kh1 Rxf2
25.Re2 Rf6 26.Rg2 Qh4 27.Qe1 Rxf1+ 28.Qxf1 Bxh3 29.Qf2 Bxg2+ 30.Qxg2 Rf8  0-1

[Event "RUS-Cup8"]
[Site "Smolensk"]
[Date "1997.??.??"]
[Round "5"]
[White "Newerovski, Gennadi"]
[Black "Zakharevich, Igor"]
[Result "0-1"]
[WhiteElo "2370"]
[BlackElo "2505"]

1.Nf3 Nf6 2.c4 g6 3.Nc3 Bg7 4.e4 d6 5.d4 O-O 6.Be2 e5 7.dxe5 dxe5 8.Qxd8 Rxd8
9.Bg5 Re8 10.Nd5 Nxd5 11.cxd5 c6 12.Bc4 b5 13.Bb3 Bb7 14.Rd1 c5 15.h4 Nd7
16.h5 Rec8 17.hxg6 hxg6 18.Kd2 a5 19.Bc2 c4 20.Rh3 b4 21.Rdh1 c3+ 22.bxc3 Rxc3
23.Bh6 Rac8 24.Bb1 Bf6 25.Be3 a4 26.Nh2 b3 27.axb3 Rxb3 28.Rc1 Rb2+ 29.Kd1 a3
30.Rxc8+ Bxc8 31.Kc1 Nc5  0-1